Factors shaping community attitudes to school mathematics : implications for future curriculum change (Record no. 68893)

MARC details
000 -CABECERA
campo de control de longitud fija 00750nam a2200241 a 4500
005 - FECHA Y HORA DE LA ÚLTIMA TRANSACCIÓN
campo de control 20210219153121.0
008 - ELEMENTOS DE LONGITUD FIJA--INFORMACIÓN GENERAL
campo de control de longitud fija 991125n 000 0 eng u
035 ## - NÚMERO DE CONTROL DEL SISTEMA
Número de control de sistema UPN01000079003
100 ## - ASIENTO PRINCIPAL--NOMBRE PERSONAL
Nombre de persona Galbraith, Peter L.
222 ## - TÍTULO CLAVE
Título clave EDUCATIONAL STUDIES IN MATHEMATICS
245 ## - MENCIÓN DE TÍTULO
Título Factors shaping community attitudes to school mathematics : implications for future curriculum change
300 ## - DESCRIPCIÓN FÍSICA
Extensión 299-318
362 ## - FECHAS DE PUBLICACIÓN Y/O DESIGNACIÓN SECUENCIAL
Fecha de publicación y/o designación secuencial 1990 21, no. 4
653 0# - TERMINO DE INDIZACION - NO CONTROLADO
Término no controlado ACTITUDES DE LA COMUNIDAD
653 0# - TERMINO DE INDIZACION - NO CONTROLADO
Término no controlado ADULTOS
653 0# - TERMINO DE INDIZACION - NO CONTROLADO
Término no controlado ESCUELA SECUNDARIA (MATEMATICAS)
653 0# - TERMINO DE INDIZACION - NO CONTROLADO
Término no controlado MATEMATICAS DE LA ESCUELA ELEMENTAL
653 0# - TERMINO DE INDIZACION - NO CONTROLADO
Término no controlado MEJORAMIENTO EDUCATIVO
653 0# - TERMINO DE INDIZACION - NO CONTROLADO
Término no controlado PAISES EXTRANJEROS
700 ## - ASIENTO SECUNDARIO--NOMBRE DE PERSONAL
Nombre de persona Chant, David
904 ## - ELEMENTOS DE DATOS D LOCAL, LDD (RLIN)
a AC
b 016814
905 ## - TIPO DE MATERIAL
Tipo de material Articulo

No items available.